000 00575nam a22002057a 4500
005 20251108174815.0
008 250721s2004 xx 000 0 eng d
020 _a861638123
082 1 4 _aJ/372.21/STO
100 1 _atanner, suzy - jane
_eIllus.
245 1 4 _aThe Story of Thumbelina /
264 1 _alondon :
_baward publications limited,
_c2004.
300 _a[ 20 P ].
490 0 _aREAD ALON WITH ME
650 1 7 _aLEARNING
650 1 7 _aCHILDREN
653 _aأطفال ما قبل المدرسة ( 0 - 5 سنوات )
942 _2ddc
_cBK
999 _c118543
_d118543